Statistics for Biblical Geography

Click here to take the quiz!

General Stats

  • This quiz has been taken 61,278 times
  • The average score is 14 of 21

Answer Stats

HintAnswer% Correct
Place that Adam & Eve were
expelled from
Garden of Eden
91%
City of Jesus's birthBethlehem
90%
Body of water that parted for MosesRed Sea
89%
City of the Jewish templeJerusalem
88%
City where Jesus grew upNazareth
88%
Nation afflicted by ten plaguesEgypt
86%
Wicked cities that God destroyedSodom
77%
Wicked cities that God destroyedGomorrah
74%
River where Jesus was baptizedJordan River
72%
Imperial capital where Paul proselytizedRome
66%
Sea on which Jesus walkedSea of {Galilee}
64%
Nebuchadnezzar's empireBabylon
63%
City whose walls fell to Joshua's trumpetsJericho
63%
Mountain where Moses received
the Ten Commandments
Mount Sinai
60%
Two Jewish kingdomsIsrael
59%
Jesus told a surprising story about a
"good" person from this country
Samaria
59%
Mountain where Noah's ark was
said to have landed
Mount Ararat
55%
Two Jewish kingdomsJudah
50%
Place from which Jesus ascended
to heaven
Mount of
{Olives}
41%
Samson battled people of this nationalityPhilistines
34%
Island where John wrote RevelationPatmos
22%

Score Distribution

Percentile by Number Answered

Percent of People with Each Score

Your Score History

You have not taken this quiz